Southville International School and Colleges
Your cart is empty.
  • Cart
  • Lists
    Public lists Eva Luna New books Lux_list list_1
    Your lists Log in to create your own lists
  • Log in to your account
  • Your cookies
  • Search history
Southville International School and Colleges
  • Advanced search
  • Recent comments
  • Most popular
  • Libraries

Log in to your account

Log in with GOOGLE


If you do not have an external account, but do have a local account, you can still log in:

  1. Home
  2. MARC view: Mama do you love me? /
Normal view MARC view ISBD view

Mama do you love me? / (Record no. 113648)

[ view plain ]
MARC details
000 -LEADER
fixed length control field 00565nam a2200205 a 4500
001 - CONTROL NUMBER
control field 0185
005 - DATE AND TIME OF LATEST TRANSACTION
control field 20140414132032.0
008 - FIXED-LENGTH DATA ELEMENTS--GENERAL INFORMATION
fixed length control field 040813s19uu xx 00 eng d
020 ## - INTERNATIONAL STANDARD BOOK NUMBER
International Standard Book Number 0-590-45984-8
050 ## - LIBRARY OF CONGRESS CALL NUMBER
Classification number TR
Item number M31 1991
100 ## - MAIN ENTRY--PERSONAL NAME
Personal name Joosse, Barbara M.
245 ## - TITLE STATEMENT
Title Mama do you love me? /
Statement of responsibility, etc Barbara M. Joosse ; illustrated by Barbara Lavallee.
260 ## - PUBLICATION, DISTRIBUTION, ETC. (IMPRINT)
Place of publication, distribution, etc New York :
Name of publisher, distributor, etc Scholastic ,
Date of publication, distribution, etc 1991.
300 ## - PHYSICAL DESCRIPTION
Extent 1v. p. : ill. ; cm.
526 ## - STUDY PROGRAM INFORMATION NOTE
Program name Junior Prep
650 ## - SUBJECT ADDED ENTRY--TOPICAL TERM
Topical term or geographic name as entry element Love
General subdivision Fiction.
650 ## - SUBJECT ADDED ENTRY--TOPICAL TERM
Topical term or geographic name as entry element Children stories.
Holdings
Withdrawn status Lost status Damaged status Use restrictions Home library Current library Shelving location Date acquired Source of acquisition Total Checkouts Full call number Barcode Date last seen Price effective from Koha item type
        Munich Library Munich Library Teachers Reference Section 08/13/2004     TR M31 1991 M5251 04/14/2014 04/14/2014 Books
        Munich Library Munich Library Teachers Reference Section 03/16/2011     TR M31 1991 M5246 04/14/2014 04/14/2014 Books

Mama do you love me? /

APA

Joosse B. M., . (1991). Mama do you love me?. New York: Scholastic.

Chicago

Joosse Barbara M, . 1991. Mama do you love me?. New York: Scholastic.

Harvard

Joosse B. M., . (1991). Mama do you love me?. New York: Scholastic.

MLA

Joosse Barbara M, . Mama do you love me?. New York: Scholastic. 1991.

  • Place hold
  • Print
  • Cite
  • Add to your cart (remove)
  • Save record
    BIBTEX Dublin Core MARCXML MARC (non-Unicode/MARC-8) MARC (Unicode/UTF-8) MARC (Unicode/UTF-8, Standard) MODS (XML) RIS
  • More searches
    Search for this title in:
    Other Libraries (WorldCat) Other Databases (Google Scholar) Online Stores (Bookfinder.com) Open Library (openlibrary.org)

Exporting to Dublin Core...

SOUTHVILLE LIBRARY

Southville International School and Colleges Library

1281 Tropical Ave. Cor. Luxembourg St., BF Homes International, Las Pinas City

Tel. No. 8256374 / 252358 Loc. 117/146

Powered by Koha